[Event "Porto San Giorgio op 26th"]
[Site "Porto San Giorgio"]
[Date "2015.08.26"]
[Round "5"]
[White "Rotoni, Matteo"]
[Black "Ciampi, Vincenzo"]
[Result "1-0"]
[WhiteElo "2118"]
[BlackElo "2008"]
[PlyCount "89"]
[EventDate "2015.08.22"]
[EventType "swiss"]
[EventRounds "9"]
[EventCountry "ITA"]
[SourceTitle "EXT 2016"]
[Source "ChessBase"]
[SourceDate "2015.10.08"]
[SourceVersion "1"]
[SourceVersionDate "2015.10.08"]
[SourceQuality "1"]

1. e4 g6 2. d4 Bg7 3. Nc3 d6 4. Nf3 a6 5. a4 b6 6. Bc4 e6 7. 0-0 Ne7 8. Be3 h6 9. Ne2 Nd7 10. c3 Nf6 11. Bd3 Bb7 12. Ng3 d5 13. e5 Nd7 14. a5 bxa5 15. Rxa5 Nc6 16. Ra2 Nb6 17. Nd2 0-0 18. f4 a5 19. Qe2 a4 20. Bf2 f5 21. exf6 Qxf6 22. Be3 h5 23. Nf3 h4 24. Nh1 h3 25. g3 Nc4 26. Bc1 N6a5 27. Rxa4 Nb3 28. Rb4 Nxc1 29. Rxc1 Bc6 30. b3 Nd6 31. Ne5 Be8 32. Nf2 g5 33. Nxh3 gxf4 34. Nxf4 Bh6 35. Ng4 Qg5 36. Qxe6+ Kg7 37. Qxh6+ Qxh6 38. Nxh6 Kxh6 39. Nxd5 Bc6 40. Nf4 Ra2 41. d5 Bd7 42. Re1 Rd2 43. Rd4 Nf5 44. Bxf5 Rxd4 45. Bxd7 1-0

[Event "Isola di Capo Rizzuto op"]
[Site "Isola di Capo Rizzuto"]
[Date "2014.07.12"]
[Round "6"]
[White "Rotoni, Matteo"]
[Black "Malerba, Gianluca"]
[Result "1-0"]
[WhiteElo "2188"]
[BlackElo "1476"]
[PlyCount "43"]
[EventDate "2014.07.07"]
[EventType "swiss"]
[EventRounds "7"]
[EventCountry "ITA"]
[SourceTitle "EXT 2024"]
[Source "ChessBase"]
[SourceDate "2023.10.10"]
[SourceVersion "1"]
[SourceVersionDate "2023.10.10"]
[SourceQuality "1"]

1. e4 e5 2. Nf3 d6 3. d4 Nf6 4. Bc4 Be7 5. dxe5 Nxe4 6. Qd5 0-0 7. Qxe4 c6 8. Bd3 g6 9. b3 Re8 10. Bb2 dxe5 11. 0-0 Bf6 12. Nxe5 Nd7 13. f4 Qc7 14. Qc4 Nxe5 15. fxe5 Be6 16. Qf4 Bg7 17. Nd2 Rad8 18. Ne4 Re7 19. Qh4 h6 20. Nf6+ Kh8 21. Bc1 Qxe5 22. Bxh6 1-0

[Event "Isola di Capo Rizzuto op"]
[Site "Isola di Capo Rizzuto"]
[Date "2014.07.09"]
[Round "3"]
[White "Furnari, Francesco"]
[Black "Rotoni, Matteo"]
[Result "0-1"]
[WhiteElo "1791"]
[BlackElo "2188"]
[PlyCount "39"]
[EventDate "2014.07.07"]
[EventType "swiss"]
[EventRounds "7"]
[EventCountry "ITA"]
[SourceTitle "EXT 2024"]
[Source "ChessBase"]
[SourceDate "2023.10.10"]
[SourceVersion "1"]
[SourceVersionDate "2023.10.10"]
[SourceQuality "1"]

1. d4 Nf6 2. Nf3 c5 3. Nc3 d5 4. e3 Nc6 5. Be2 Ne4 6. 0-0 g6 7. dxc5 Nxc3 8. bxc3 Bg7 9. Nd4 0-0 10. Bd2 e5 11. Nb3 Be6 12. f4 d4 13. cxd4 exd4 14. Rb1 Qe7 15. Bd3 dxe3 16. Bc1 Bxb3 17. Rxb3 Nd4 18. Rb1 e2 19. Bxe2 Nxe2+ 20. Kh1 0-1

[Event "Schwarzach op 26th"]
[Site "Schwarzach"]
[Date "2011.08.28"]
[Round "9"]
[White "Rotoni, Matteo"]
[Black "Egle, Martin"]
[Result "1/2-1/2"]
[WhiteElo "2180"]
[BlackElo "2095"]
[PlyCount "102"]
[EventDate "2011.08.20"]
[EventType "swiss"]
[EventRounds "9"]
[EventCountry "AUT"]
[SourceTitle "CBM 144 Extra"]
[Source "ChessBase"]
[SourceDate "2011.10.28"]
[SourceVersion "1"]
[SourceVersionDate "2011.10.28"]
[SourceQuality "1"]

1. e4 e6 2. d4 d5 3. e5 b6 4. Bb5+ c6 5. Ba4 Bd7 6. c3 c5 7. Bc2 cxd4 8. cxd4 Bb5 9. Nc3 Bb4 10. Nge2 Ne7 11. 0-0 Bxc3 12. bxc3 Nbc6 13. Re1 Qd7 14. a4 Ba6 15. Nf4 g6 16. Ba3 Na5 17. Bb4 Nec6 18. Nd3 0-0-0 19. Ba3 Bc4 20. Re3 Kb8 21. Rf3 Nb7 22. Bc1 h5 23. h4 Rh7 24. Nf4 Ne7 25. Nh3 Nf5 26. Ng5 Rhh8 27. g3 Rc8 28. Ba3 Rc7 29. Rb1 Ka8 30. Bb4 a5 31. Ba3 Ka7 32. Rb2 Rc6 33. Qd2 Rhc8 34. Rb1 Rh8 35. Bd1 Qc7 36. Bc1 Ka8 37. Kh2 Ka7 38. Kh3 Ka8 39. Bb2 Ka7 40. Bc1 Ka8 41. Qb2 Ka7 42. Bd2 Ka8 43. Be1 Ka7 44. Qd2 Ka8 45. Rf4 Ka7 46. f3 Qe7 47. Qb2 Nd8 48. Bd2 Bd3 49. Rc1 Bf1+ 50. Kh2 Bc4 51. Kh3 Bf1+ 1/2-1/2

[Event "Schwarzach op 26th"]
[Site "Schwarzach"]
[Date "2011.08.27"]
[Round "8"]
[White "Donegani, Hans Peter"]
[Black "Rotoni, Matteo"]
[Result "1/2-1/2"]
[WhiteElo "2111"]
[BlackElo "2180"]
[PlyCount "93"]
[EventDate "2011.08.20"]
[EventType "swiss"]
[EventRounds "9"]
[EventCountry "AUT"]
[SourceTitle "CBM 144 Extra"]
[Source "ChessBase"]
[SourceDate "2011.10.28"]
[SourceVersion "1"]
[SourceVersionDate "2011.10.28"]
[SourceQuality "1"]

1. e4 e6 2. d4 d5 3. Nd2 Nf6 4. Bd3 c5 5. e5 Nfd7 6. c3 b6 7. Nh3 Ba6 8. Bxa6 Nxa6 9. Qg4 Nc7 10. Nf3 cxd4 11. cxd4 f5 12. Qg3 Qe7 13. Bd2 b5 14. 0-0 Nb6 15. b3 b4 16. Rfc1 Nb5 17. Nf4 g5 18. Nh5 h6 19. Nf6+ Kd8 20. Nxg5 Nc3 21. Bxc3 hxg5 22. Bd2 f4 23. Qxg5 f3 24. Ng4 fxg2 25. Kxg2 Kd7 26. Qxe7+ Bxe7 27. Rc2 Rag8 28. f3 Na8 29. Rac1 Rg6 30. Rc6 Rb8 31. Kg3 Rb7 32. h4 Nc7 33. h5 Rg8 34. R6c2 Nb5 35. Be3 Rbb8 36. Rh1 Rbf8 37. h6 Ke8 38. Rc8+ Kf7 39. Rxf8+ Bxf8 40. h7 Rh8 41. Nf6 Be7 42. Ng4 Nc3 43. Rh2 Kg6 44. Rh6+ Kf7 45. Rh2 Kg6 46. Rh6+ Kf7 47. Rh2 1/2-1/2

[Event "SRB Central-ch op-A 4th"]
[Site "Paracin"]
[Date "2011.07.13"]
[Round "7"]
[White "Rotoni, Matteo"]
[Black "Milenkovic, Mladen"]
[Result "1-0"]
[WhiteElo "2180"]
[BlackElo "2405"]
[PlyCount "95"]
[EventDate "2011.07.08"]
[EventType "swiss"]
[EventRounds "9"]
[EventCountry "SRB"]
[SourceTitle "CBM 143 Extra"]
[Source "ChessBase"]
[SourceDate "2011.08.29"]
[SourceVersion "1"]
[SourceVersionDate "2011.08.29"]
[SourceQuality "1"]

1. e4 g6 2. d4 Bg7 3. Nc3 d6 4. Be3 c6 5. Qd2 b5 6. f3 Nd7 7. Bd3 Nb6 8. b3 a5 9. Nge2 Ba6 10. a3 Nc4 11. Bxc4 bxc4 12. 0-0 cxb3 13. cxb3 Nf6 14. Rfc1 0-0 15. Rab1 Re8 16. Na4 Qc7 17. Nec3 Nd7 18. b4 axb4 19. axb4 Qb8 20. d5 Bb5 21. dxc6 Bxc6 22. b5 Bb7 23. Bd4 e5 24. Be3 f5 25. Rb4 fxe4 26. fxe4 Nf6 27. Nb6 Ra5 28. Nbd5 Ng4 29. b6 Nxe3 30. Qxe3 Ra3 31. Qd2 Qd8 32. g3 Rf8 33. Rc4 Ba6 34. Rc7 Kh8 35. b7 Rb3 36. Rc8 Qd7 37. Rxf8+ Bxf8 38. Qf2 Bg7 39. Nf6 Qxb7 40. Ncd5 Rb1 41. Qc2 Rxc1+ 42. Qxc1 Qb5 43. g4 Bh6 44. Qe1 Qc5+ 45. Qf2 Bb5 46. h4 Bc1 47. Kg2 Kg7 48. Nh5+ 1-0

[Event "SRB Central-ch op-A 4th"]
[Site "Paracin"]
[Date "2011.07.08"]
[Round "1"]
[White "Rotoni, Matteo"]
[Black "Petkov, Vladimir"]
[Result "0-1"]
[WhiteElo "2180"]
[BlackElo "2490"]
[PlyCount "46"]
[EventDate "2011.07.08"]
[EventType "swiss"]
[EventRounds "9"]
[EventCountry "SRB"]
[SourceTitle "CBM 143 Extra"]
[Source "ChessBase"]
[SourceDate "2011.08.29"]
[SourceVersion "1"]
[SourceVersionDate "2011.08.29"]
[SourceQuality "1"]

1. e4 e5 2. Nf3 Nc6 3. d4 exd4 4. Nxd4 Nf6 5. Nc3 Bb4 6. Nxc6 bxc6 7. Bd3 d5 8. exd5 cxd5 9. 0-0 0-0 10. Bg5 c6 11. Na4 Bd6 12. Re1 Rb8 13. c3 c5 14. Bc2 Bd7 15. Rb1 Re8 16. Rxe8+ Bxe8 17. Bxf6 Qxf6 18. Qxd5 Bc6 19. Qc4 Qg5 20. g3 Re8 21. b4 Qh5 22. Qd3 Re6 23. Nxc5 Qxh2+ 0-1

[Event "ITA-chT 43rd"]
[Site "Spoleto"]
[Date "2011.04.30"]
[Round "6"]
[White "Rotoni, Matteo"]
[Black "Tassi, Oliviero"]
[Result "1-0"]
[WhiteElo "2138"]
[BlackElo "2320"]
[PlyCount "61"]
[EventDate "2011.04.28"]
[EventType "team"]
[EventRounds "7"]
[EventCountry "ITA"]
[SourceTitle "EXT 2012"]
[Source "ChessBase"]
[SourceDate "2011.11.24"]
[SourceVersion "1"]
[SourceVersionDate "2011.11.24"]
[SourceQuality "1"]
[WhiteTeam "Ancona"]
[BlackTeam "ASD Scacchi Latina"]
[WhiteTeamCountry "ITA"]
[BlackTeamCountry "ITA"]

1. e4 c5 2. c3 d6 3. d4 Nd7 4. Nf3 g6 5. Bc4 Qb6 6. Ng5 Nh6 7. Qf3 e6 8. Qh3 cxd4 9. 0-0 Ne5 10. Bb3 Nhg4 11. Qh4 Bg7 12. h3 Nf6 13. cxd4 Qxd4 14. Nc3 h6 15. Be3 Qb4 16. Nf3 g5 17. Nxg5 hxg5 18. Qxg5 Rg8 19. f4 Nc4 20. Bf2 Bd7 21. e5 Bh8 22. Qh4 Nd2 23. Bg3 dxe5 24. Rf2 Nde4 25. fxe5 Rc8 26. exf6 Rxc3 27. bxc3 Qxc3 28. Qxe4 Qxa1+ 29. Kh2 Bxf6 30. Qxb7 Be5 31. Qa8+ 1-0

[Event "Arco op 32nd"]
[Site "Arco"]
[Date "2010.10.24"]
[Round "9"]
[White "Calavalle, Giulio"]
[Black "Rotoni, Matteo"]
[Result "0-1"]
[WhiteElo "2238"]
[BlackElo "2132"]
[PlyCount "95"]
[EventDate "2010.10.16"]
[EventType "swiss"]
[EventRounds "9"]
[EventCountry "ITA"]
[SourceTitle "CBM 138 Extra"]
[Source "ChessBase"]
[SourceDate "2010.10.29"]
[SourceVersion "1"]
[SourceVersionDate "2010.10.29"]
[SourceQuality "1"]

1. e4 e6 2. Nf3 d5 3. e5 c5 4. b4 cxb4 5. d4 Nc6 6. a3 Bd7 7. axb4 Bxb4+ 8. c3 Bf8 9. Bd3 h6 10. Nbd2 a6 11. Nb3 Rc8 12. Nfd2 Na7 13. Nb1 Bb5 14. Bc2 b6 15. Bd2 a5 16. Nc1 Bd7 17. Nd3 Nb5 18. Nf4 Qc7 19. Bd3 Qa7 20. Qg4 Ne7 21. Nh5 g6 22. Nf6+ Kd8 23. Qe2 Nc7 24. Nxd7 Kxd7 25. Na3 Nc6 26. Nc2 b5 27. 0-0 Qb7 28. Rfb1 Rb8 29. Qf3 Ke8 30. Ne3 b4 31. Qf4 Qb6 32. Bc2 Be7 33. Ba4 Nb5 34. cxb4 axb4 35. Nc2 Bg5 36. Qf3 Bxd2 37. Qd3 Bc3 38. Ra2 Kf8 39. h4 Kg7 40. Bxb5 Qxb5 41. Qf3 Qb7 42. Qf6+ Kh7 43. Ra6 Rhf8 44. Rxc6 Qxc6 45. Ne3 Bxd4 46. Ng4 Qc2 47. Qf4 Qxb1+ 48. Kh2 0-1

[Event "Stare Mesto op"]
[Site "Stare Mesto"]
[Date "2010.08.18"]
[Round "7"]
[White "Kasik, Jiri"]
[Black "Rotoni, Matteo"]
[Result "0-1"]
[WhiteElo "2026"]
[BlackElo "2148"]
[PlyCount "96"]
[EventDate "2010.08.13"]
[EventType "swiss"]
[EventRounds "10"]
[EventCountry "CZE"]
[SourceTitle "CBM 138 Extra"]
[Source "ChessBase"]
[SourceDate "2010.10.29"]
[SourceVersion "1"]
[SourceVersionDate "2010.10.29"]
[SourceQuality "1"]

1. e4 e6 2. Qe2 c5 3. f4 Nc6 4. Nf3 Be7 5. g3 d5 6. d3 Nf6 7. Bg2 b5 8. 0-0 0-0 9. Nc3 Qb6 10. Kh1 b4 11. Na4 Qb5 12. exd5 exd5 13. b3 Re8 14. h3 Ba6 15. Nb2 Qb6 16. Be3 Rac8 17. Rfe1 Bf8 18. Qd2 Bb5 19. Bf2 Qa6 20. Bf1 Rxe1 21. Qxe1 Qa3 22. Qc1 Qa5 23. Be1 Qb6 24. Bf2 Ne7 25. Ne5 Nf5 26. Bg2 Nd4 27. Qd2 Be8 28. g4 Qd6 29. Nd1 Nd7 30. Nf3 Nb5 31. Bg3 Qf6 32. Rc1 Nb6 33. Ne5 Qd8 34. Ne3 f6 35. Nf3 Bf7 36. d4 c4 37. Bf1 Nc3 38. Nd1 Ne4 39. Qe1 Bd6 40. Bh2 a5 41. Qe3 Qc7 42. Nd2 Re8 43. bxc4 dxc4 44. Bg2 Nc3 45. Qf3 Re1+ 46. Nf1 Bd5 47. Qf2 Bxg2+ 48. Qxg2 Nxd1 0-1

[Event "Stare Mesto op"]
[Site "Stare Mesto"]
[Date "2010.08.15"]
[Round "4"]
[White "Rotoni, Matteo"]
[Black "Roubalik, Jakub"]
[Result "0-1"]
[WhiteElo "2148"]
[BlackElo "2262"]
[PlyCount "76"]
[EventDate "2010.08.13"]
[EventType "swiss"]
[EventRounds "10"]
[EventCountry "CZE"]
[SourceTitle "CBM 138 Extra"]
[Source "ChessBase"]
[SourceDate "2010.10.29"]
[SourceVersion "1"]
[SourceVersionDate "2010.10.29"]
[SourceQuality "1"]

1. e4 c5 2. c3 Nf6 3. e5 Nd5 4. d4 cxd4 5. cxd4 e6 6. Nf3 b6 7. Bd3 Be7 8. 0-0 Ba6 9. Nc3 Nxc3 10. bxc3 Bxd3 11. Qxd3 d5 12. exd6 Qxd6 13. Ne5 0-0 14. Nc4 Qc7 15. Ne3 Rd8 16. Bb2 Nc6 17. Rac1 Rac8 18. Qe2 Bg5 19. g3 Bxe3 20. fxe3 Na5 21. Rc2 Qc6 22. Qh5 f5 23. Rf4 g6 24. Qg5 Nc4 25. Bc1 Nd6 26. Ba3 Nf7 27. Qe7 Re8 28. Qb4 Ng5 29. Kf1 Nh3 30. d5 Qxd5 31. Rd4 Qf3+ 32. Ke1 Qxe3+ 33. Kf1 Qg1+ 34. Ke2 Qxh2+ 35. Kd1 Qg1+ 36. Kd2 Ng5 37. Ke2 Qg2+ 38. Ke3 Qxc2 0-1

[Event "Senigallia op 5th"]
[Site "Senigallia"]
[Date "2010.08.02"]
[Round "1"]
[White "Bonavoglia, Marco"]
[Black "Rotoni, Matteo"]
[Result "0-1"]
[WhiteElo "1872"]
[BlackElo "2133"]
[PlyCount "36"]
[EventDate "2010.08.02"]
[EventType "swiss"]
[EventRounds "7"]
[EventCountry "ITA"]
[SourceTitle "CBM 137 Extra"]
[Source "ChessBase"]
[SourceDate "2010.09.01"]
[SourceVersion "1"]
[SourceVersionDate "2010.09.01"]
[SourceQuality "1"]

1. d4 d5 2. Nc3 e6 3. e4 Bb4 4. a3 Bxc3+ 5. bxc3 dxe4 6. f3 Nf6 7. c4 0-0 8. fxe4 Nxe4 9. Nf3 b6 10. Bd3 Bb7 11. 0-0 Nd7 12. Qe1 f5 13. Bxe4 fxe4 14. Ng5 Rxf1+ 15. Qxf1 Qe7 16. Qf4 e5 17. dxe5 Nxe5 18. Nxe4 Ng6 0-1

[Event "Senigallia op-A"]
[Site "Senigallia"]
[Date "2010.07.30"]
[Round "6"]
[White "Rizzardi, Franco"]
[Black "Rotoni, Matteo"]
[Result "1-0"]
[WhiteElo "2002"]
[BlackElo "2148"]
[PlyCount "123"]
[EventDate "2010.07.25"]
[EventType "swiss"]
[EventRounds "7"]
[EventCountry "ITA"]
[SourceTitle "CBM 137 Extra"]
[Source "ChessBase"]
[SourceDate "2010.09.01"]
[SourceVersion "1"]
[SourceVersionDate "2010.09.01"]
[SourceQuality "1"]

1. e4 e6 2. d4 d5 3. e5 c5 4. c3 Nc6 5. Be3 Qb6 6. Qd2 Bd7 7. f4 Nh6 8. Nf3 Nf5 9. Bd3 h5 10. Bf2 cxd4 11. Bxf5 exf5 12. Nxd4 Nxd4 13. Bxd4 Qa6 14. Kf2 h4 15. Re1 Be6 16. Qe2 Qc6 17. Nd2 Be7 18. Nf3 Kf8 19. Qe3 b6 20. b4 Qa4 21. Qd3 Rc8 22. Re2 g6 23. Qe3 Kg7 24. Rae1 a5 25. bxa5 bxa5 26. Rb1 Rc7 27. Rb3 Rhc8 28. Ng5 Rc4 29. Rd2 Qd7 30. Qh3 Rh8 31. Qe3 Rhc8 32. Rb6 Bc5 33. Rd6 Qe7 34. Qh3 Bxd4+ 35. cxd4 Rc3 36. Qxh4 Rh8 37. Nxe6+ Qxe6 38. Qf6+ Qxf6 39. exf6+ Kh6 40. Rxd5 g5 41. Rxf5 gxf4 42. Rxf4 Kg5 43. Rf3 Rxf3+ 44. Kxf3 Rxh2 45. d5 Kxf6 46. d6 Rh8 47. Ke4 Ke6 48. d7 Rd8 49. Rd5 f6 50. Kd4 Rxd7 51. Rxd7 Kxd7 52. Kd5 Ke7 53. a4 Kd7 54. Kc5 Ke6 55. Kb5 Kf5 56. Kxa5 Kg4 57. Kb4 Kg3 58. a5 Kxg2 59. a6 f5 60. a7 f4 61. a8Q+ f3 62. Kc3 1-0

[Event "Senigallia op-A"]
[Site "Senigallia"]
[Date "2010.07.27"]
[Round "3"]
[White "Riboldi, Raffaele"]
[Black "Rotoni, Matteo"]
[Result "0-1"]
[WhiteElo "1911"]
[BlackElo "2148"]
[PlyCount "66"]
[EventDate "2010.07.25"]
[EventType "swiss"]
[EventRounds "7"]
[EventCountry "ITA"]
[SourceTitle "CBM 137 Extra"]
[Source "ChessBase"]
[SourceDate "2010.09.01"]
[SourceVersion "1"]
[SourceVersionDate "2010.09.01"]
[SourceQuality "1"]

1. d4 Nf6 2. c4 e6 3. Nc3 c5 4. d5 exd5 5. cxd5 d6 6. e4 g6 7. f4 Bg7 8. Bb5+ Nfd7 9. a4 0-0 10. Nf3 Nf6 11. 0-0 a6 12. Bc4 Nbd7 13. e5 dxe5 14. fxe5 Ng4 15. e6 Nde5 16. Nxe5 Nxe5 17. exf7+ Kh8 18. Bb3 Bf5 19. Bf4 c4 20. Bxe5 Bxe5 21. Bc2 Qb6+ 22. Kh1 Qxb2 23. Bxf5 gxf5 24. Rxf5 Bxc3 25. Rb1 Qd2 26. Qg4 b5 27. Rd1 Qh6 28. d6 Qe6 29. Qf3 b4 30. d7 Rad8 31. Qd5 Qxd5 32. Rdxd5 Kg7 33. Rc5 Rxd7 0-1

[Event "Foligno op"]
[Site "Foligno"]
[Date "2010.06.06"]
[Round "5"]
[White "Scipioni, Gaetano"]
[Black "Rotoni, Matteo"]
[Result "0-1"]
[WhiteElo "2048"]
[BlackElo "2142"]
[PlyCount "76"]
[EventDate "2010.06.04"]
[EventType "swiss"]
[EventRounds "6"]
[EventCountry "ITA"]
[SourceTitle "CBM 136 Extra"]
[Source "ChessBase"]
[SourceDate "2010.07.02"]
[SourceVersion "2"]
[SourceVersionDate "2010.07.15"]
[SourceQuality "1"]

1. d4 Nf6 2. Nf3 c5 3. c3 d5 4. Bf4 Nc6 5. e3 Qb6 6. Qb3 c4 7. Qxb6 axb6 8. Na3 Bf5 9. Nb5 Ra5 10. Nc7+ Kd8 11. Ne5 Nxe5 12. dxe5 Nd7 13. Nxd5 Rxd5 14. Bxc4 Rc5 15. Bxf7 Nxe5 16. Rd1+ Kc8 17. Bxe5 Rxe5 18. Bb3 g6 19. 0-0 Bg7 20. Rd2 Rd8 21. Rfd1 Rxd2 22. Rxd2 Be6 23. Bxe6+ Rxe6 24. g4 Rd6 25. Rc2 e5 26. e4 Bh6 27. Kf1 Rd1+ 28. Kg2 Rd2 29. Rxd2 Bxd2 30. a4 Kc7 31. Kf3 Bc1 32. b3 Bd2 33. c4 Kc6 34. Ke2 Bf4 35. h4 Kc5 36. Kd3 Kb4 37. Kc2 h5 38. f3 Bg3 0-1

[Event "Foligno op"]
[Site "Foligno"]
[Date "2010.06.04"]
[Round "2"]
[White "Ferri, Fabio"]
[Black "Rotoni, Matteo"]
[Result "0-1"]
[WhiteElo "1819"]
[BlackElo "2142"]
[PlyCount "112"]
[EventDate "2010.06.04"]
[EventType "swiss"]
[EventRounds "6"]
[EventCountry "ITA"]
[SourceTitle "CBM 136 Extra"]
[Source "ChessBase"]
[SourceDate "2010.07.02"]
[SourceVersion "2"]
[SourceVersionDate "2010.07.15"]
[SourceQuality "1"]

1. c4 e5 2. Nc3 Nc6 3. Nf3 g6 4. e4 Bg7 5. d3 d6 6. Be2 Nge7 7. 0-0 0-0 8. Bg5 h6 9. Be3 f5 10. Nd5 f4 11. Bd2 g5 12. Ne1 Be6 13. Bg4 Bf7 14. Bc3 Nd4 15. Nc2 Ng6 16. Bxd4 exd4 17. Ne1 a5 18. Qb3 c6 19. Nb6 Ra6 20. Nd7 Ne5 21. Nxe5 Bxe5 22. Qc2 h5 23. Bf5 g4 24. f3 Qg5 25. Qe2 g3 26. h3 a4 27. Rb1 Qe7 28. Nc2 Rfa8 29. Rfc1 Ra5 30. Nb4 Bf6 31. Qd2 Qe5 32. Kf1 Bd8 33. Nc2 R5a6 34. Ne1 Ba5 35. Qc2 Bb4 36. a3 Bc5 37. Qd2 Rb6 38. Nc2 Kg7 39. Na1 Kf6 40. Ke2 Rba6 41. Kf1 Rb8 42. Nc2 Bb6 43. Qd1 Ba5 44. Na1 b5 45. cxb5 Qxb5 46. Qc2 c5 47. Qe2 Ke5 48. Rc2 Rab6 49. Kg1 Bc3 50. Kf1 c4 51. Rxc3 dxc3 52. d4+ Kf6 53. e5+ dxe5 54. dxe5+ Qxe5 55. Qxe5+ Kxe5 56. Bd7 Rxb2 0-1

[Event "Budapest FS04 FM-A"]
[Site "Budapest"]
[Date "2010.04.12"]
[Round "9"]
[White "Mayer, Istvan"]
[Black "Rotoni, Matteo"]
[Result "0-1"]
[WhiteElo "2140"]
[BlackElo "2138"]
[PlyCount "52"]
[EventDate "2010.04.03"]
[EventType "tourn"]
[EventRounds "9"]
[EventCountry "HUN"]
[SourceTitle "CBM 135 Extra"]
[Source "ChessBase"]
[SourceDate "2010.05.04"]
[SourceVersion "1"]
[SourceVersionDate "2010.05.04"]
[SourceQuality "1"]

1. e4 e6 2. d4 d5 3. e5 c5 4. c3 Nc6 5. Nf3 Qb6 6. Be2 cxd4 7. cxd4 Nge7 8. Nc3 Nf5 9. Na4 Bb4+ 10. Kf1 Qd8 11. g4 Nh4 12. Bg5 Be7 13. Bxe7 Qxe7 14. Nc3 Nxf3 15. Bxf3 0-0 16. Qd3 f6 17. Re1 Bd7 18. h4 Qb4 19. Bxd5 exd5 20. e6 Bc8 21. Nxd5 Qd6 22. Qc4 Re8 23. e7 Kh8 24. Nc7 Qxc7 25. Qf7 Bxg4 26. h5 Rxe7 0-1

[Event "Budapest FS04 FM-A"]
[Site "Budapest"]
[Date "2010.04.08"]
[Round "6"]
[White "Rotoni, Matteo"]
[Black "Zala, Gyula"]
[Result "0-1"]
[WhiteElo "2138"]
[BlackElo "2042"]
[PlyCount "98"]
[EventDate "2010.04.03"]
[EventType "tourn"]
[EventRounds "9"]
[EventCountry "HUN"]
[SourceTitle "CBM 135 Extra"]
[Source "ChessBase"]
[SourceDate "2010.05.04"]
[SourceVersion "1"]
[SourceVersionDate "2010.05.04"]
[SourceQuality "1"]

1. e4 g6 2. d4 Bg7 3. Nc3 d6 4. Be3 Nd7 5. Qd2 e6 6. Nf3 b6 7. Bd3 h6 8. 0-0 Ne7 9. Ne2 Bb7 10. Ng3 Nf6 11. h3 c5 12. c3 Rc8 13. Nh2 h5 14. h4 Ng4 15. Nf3 0-0 16. Ng5 Qd7 17. Qe2 Nxe3 18. fxe3 f6 19. Nh3 e5 20. Bc4+ d5 21. exd5 Bxd5 22. e4 Be6 23. Bxe6+ Qxe6 24. d5 Qd6 25. c4 Bh6 26. Rf3 Kg7 27. Raf1 Rf7 28. a3 Rcf8 29. Qd3 Nc8 30. Qc3 Qd7 31. b4 Nd6 32. Nf2 Qc7 33. b5 Qe7 34. a4 Kg8 35. Nd3 Bg7 36. Nf2 f5 37. Nh3 Qxh4 38. Qc2 f4 39. Ne2 Qe7 40. a5 g5 41. Ra3 g4 42. Nf2 f3 43. Ng3 fxg2 44. Kxg2 h4 45. Nxg4 hxg3 46. Rxf7 Qxf7 47. Rxg3 Qf1+ 48. Kh2 Qf4 49. Kg2 Nxe4 0-1

[Event "Crema op 11th"]
[Site "Crema"]
[Date "2009.09.06"]
[Round "5"]
[White "Rotoni, Matteo"]
[Black "Cantoro, Daniele"]
[Result "1-0"]
[WhiteElo "2176"]
[BlackElo "1961"]
[PlyCount "75"]
[EventDate "2009.09.04"]
[EventType "swiss"]
[EventRounds "6"]
[EventCountry "ITA"]
[SourceTitle "EXT 2011"]
[Source "ChessBase"]
[SourceDate "2010.11.26"]
[SourceVersion "1"]
[SourceVersionDate "2010.11.26"]
[SourceQuality "1"]

1. e4 e5 2. Nf3 Nf6 3. d3 Nc6 4. Nbd2 Bc5 5. Be2 h6 6. c3 d5 7. b4 Bd6 8. Bb2 0-0 9. Qc2 Ne7 10. 0-0 Ng6 11. g3 c6 12. Rfe1 Be6 13. a3 Nh7 14. d4 Ng5 15. exd5 cxd5 16. dxe5 Nh3+ 17. Kg2 Nxe5 18. Nxe5 Bxe5 19. Nf3 Bf6 20. Rad1 Qb6 21. Nd4 Bd7 22. Bf3 Rac8 23. Qb3 Ng5 24. Bxd5 Bg4 25. Rd3 Rce8 26. Rxe8 Rxe8 27. Re3 Rxe3 28. fxe3 Qc7 29. c4 Qe7 30. Qd3 Qe5 31. Bxb7 g6 32. Bc3 h5 33. Bd5 Kg7 34. Nb5 Qe7 35. Bxf6+ Qxf6 36. Qd4 Bh3+ 37. Kg1 Qxd4 38. exd4 1-0

[Event "Senigallia Perini Memorial 3rd"]
[Site "Senigallia"]
[Date "2009.08.05"]
[Round "5"]
[White "Grazzi, Roberto"]
[Black "Rotoni, Matteo"]
[Result "0-1"]
[WhiteElo "2026"]
[BlackElo "2189"]
[PlyCount "60"]
[EventDate "2009.08.01"]
[EventType "swiss"]
[EventRounds "9"]
[EventCountry "ITA"]
[SourceTitle "EXT 2010"]
[Source "ChessBase"]
[SourceDate "2010.11.25"]
[SourceVersion "1"]
[SourceVersionDate "2010.11.25"]
[SourceQuality "1"]

1. e4 e6 2. d3 d5 3. Nd2 Nf6 4. g3 Nc6 5. Bg2 dxe4 6. Nxe4 e5 7. Nxf6+ Qxf6 8. Qf3 Qd6 9. c3 Be6 10. Ne2 Rd8 11. Bg5 f6 12. Bxf6 gxf6 13. Qxf6 Rg8 14. Bxc6+ bxc6 15. Qh4 Qxd3 16. Qh5+ Rg6 17. Qxe5 Bg7 18. Qe3 Qxe3 19. fxe3 Bc4 20. Rd1 Rxd1+ 21. Kxd1 Bxa2 22. Kc2 Bc4 23. Nf4 Rd6 24. Ra1 Be5 25. Rxa7 Bxf4 26. exf4 Kd7 27. Ra8 Rh6 28. h4 Rg6 29. Ra4 Be2 30. Rd4+ Rd6 0-1

[Event "Senigallia Perini Memorial 3rd"]
[Site "Senigallia"]
[Date "2009.08.03"]
[Round "3"]
[White "Xia, Jie"]
[Black "Rotoni, Matteo"]
[Result "1-0"]
[WhiteElo "2206"]
[BlackElo "2189"]
[PlyCount "57"]
[EventDate "2009.08.01"]
[EventType "swiss"]
[EventRounds "9"]
[EventCountry "ITA"]
[SourceTitle "EXT 2010"]
[Source "ChessBase"]
[SourceDate "2010.11.25"]
[SourceVersion "1"]
[SourceVersionDate "2010.11.25"]
[SourceQuality "1"]

1. Nf3 d5 2. g3 Nc6 3. Bg2 e5 4. d3 Bf5 5. 0-0 Nf6 6. c4 d4 7. b4 Bxb4 8. Qb3 Rb8 9. Nxe5 0-0 10. Bxc6 Bd6 11. Bg2 Bxe5 12. Nd2 c5 13. Nf3 Bd6 14. Bg5 h6 15. Bxf6 Qxf6 16. e4 dxe3 17. fxe3 Qe7 18. Rae1 Bd7 19. Nh4 g6 20. d4 Kh7 21. Qd3 b5 22. Bd5 bxc4 23. Bxc4 Be6 24. Bxe6 Qxe6 25. d5 Qe5 26. Rxf7+ Rxf7 27. Qxg6+ Kh8 28. Qxf7 Qg7 29. Qxg7+ 1-0